| 000 | 00568nam a2200193 u 4500 | ||
|---|---|---|---|
| 005 | 20210223131357.0 | ||
| 008 | 100903s2007 es r 000 0 spa d | ||
| 020 | _a9788478978205 | ||
| 035 | _aUPN01000177677 | ||
| 049 | _aCG | ||
| 050 | 4 |
_aHF5548.4 M5.23 _bP3.4 |
|
| 100 | 1 |
_aPascual González, Francisco _931324 |
|
| 245 | 1 | 0 |
_aGuía de formación de Excel 2003 / _cFrancisco Pascual González. |
| 260 |
_aMadrid : _bRa-Ma, _c2007. |
||
| 300 |
_a220 p. : _bil. |
||
| 440 | 0 | _aGuía de campo | |
| 650 | 4 |
_aEXCEL (ARCHIVO PARA COMPUTADORA) _91072 |
|
| 905 | _aLibro | ||
| 999 |
_c149780 _d149780 |
||